000 00794nam a2200253Ia 4500
003 GCL
008 140319s9999 xx 000 0 ara d
040 _aGCL /
_cGCL
082 0 4 _a320.5
_bل ب
100 1 _aمجدى نصيف
245 1 0 _aالبيرمسترويكا بعد العاصفة /
_cمجدى نصيف
700 1 _aليتسكى، بوريس جاكار
700 1 _aهيجيداس, اندراس
700 1 _aملينار, زدنييك
260 _a[S.N] :
_bمكتبة مدبولى ،
_c1991
300 _a175 ص
490 _a
650 0 4 _aالاتحاد السوفيتى
650 0 4 _aالاحوال السياسية
650 0 4 _aالاشتراكية
650 0 4 _aالاحوال الاقتصادية
650 0 4 _aاوربا الشرقية
942 _2ddc
_cBK
999 _c56043
_d56043